00678nas a2200217Ia 4500001001100000003000900011008004100020040001300061040001300074041001300087100004600100210001900146222001900165245008900184250001100273260002300284501008600307300001800393362001300411650003600424R415/38263IT-RoPAU151124c99999999xx |||||||||||| ||und|| aIT-RoPAU cIT-RoPAU aFRANCESE aMiereanu CostingCodice Aut. SPICS: 21802 aMUSIQUE EN JEU aMusique En Jeu aMUSIQUE EN JEU (32) BRUITS DE FONDbLuna Cinese-Un Recit De Science-Fiction Musicale a1a ed. aPARISbSEUILc1978 bPaulus - SPICS - Società San Paolo EM (non-commercial uses only)cCopyright2015 a10 p. [51-60] aVOL.32,  aMUSICAvPUBBLICAZIONE PERIODICA